Sports Quiz

Random Sports or NFL Quiz

2015 NFL Starting Quarterbacks in College Quiz Stats

 Plays Quiz Updated Dec 16, 2015

Challenge
Share
Tweet
Score 0/32 Timer 08:00
7 Plays Today
% Correct
Cam Newton
97.6%
Aaron Rodgers
93.9%
Russell Wilson
93.8%
Jameis Winston
93.5%
Tom Brady
93.3%
Marcus Mariota
90.3%
Johnny Manziel
89.2%
Andy Dalton
88.6%
Drew Brees
82.5%
Eli Manning
79.6%
Carson Palmer
78.8%
Matthew Stafford
78.8%
Sam Bradford
78.6%
Matt Ryan
76.3%
Teddy Bridgewater
76%
Tyrod Taylor
73.3%
% Correct
Blake Bortles
71%
Jay Cutler
69.8%
Ben Roethlisberger
68.9%
Alex Smith
68.3%
Kirk Cousins
64.5%
Derek Carr
63.3%
Brock Osweiler
62.5%
Philip Rivers
62.1%
Ryan Tannehill
57.3%
Jimmy Clausen
56.5%
Matt Cassel
55.2%
Ryan Fitzpatrick
53.7%
Blaine Gabbert
46%
Case Keenum
45.7%
Brian Hoyer
38.1%
Matt Hasselbeck
31.7%

You're not logged in!

Compare scores with friends on all Sporcle quizzes.
OR
Log In

You Might Also Like...

Show Comments

Extras

Top Quizzes Today


Score Distribution

Your Account Isn't Verified!

In order to create a playlist on Sporcle, you need to verify the email address you used during registration. Go to your Sporcle Settings to finish the process.

Report this User

Report this user for behavior that violates our Community Guidelines.

Details: